The Law of Armed Conflict : (Record no. 16443)
[ view plain ]
| 000 -LEADER | |
|---|---|
| fixed length control field | 01318cam a2200277 a 4500 |
| 001 - CONTROL NUMBER | |
| control field | 15805497 |
| 005 - DATE AND TIME OF LATEST TRANSACTION | |
| control field | 20100419132305.0 |
| 008 - FIXED-LENGTH DATA ELEMENTS--GENERAL INFORMATION | |
| fixed length control field | 090707s2010 nyu b 001 0 eng |
| 020 ## - INTERNATIONAL STANDARD BOOK NUMBER | |
| International Standard Book Number | 9780521870887 (hbk.) |
| 020 ## - INTERNATIONAL STANDARD BOOK NUMBER | |
| International Standard Book Number | 0521870887 (hbk.) |
| 035 ## - SYSTEM CONTROL NUMBER | |
| System control number | (OCoLC)ocn423389334 |
| 040 ## - CATALOGING SOURCE | |
| Original cataloging agency | DLC |
| Transcribing agency | DLC |
| Modifying agency | YDX |
| -- | UKM |
| -- | YDXCP |
| -- | CDX |
| -- | BWX |
| -- | RCJ |
| -- | DLC |
| 082 00 - DEWEY DECIMAL CLASSIFICATION NUMBER | |
| Classification number | 341.6 |
| Edition number | 22 |
| Item number | SOL |
| 100 1# - MAIN ENTRY--PERSONAL NAME | |
| Personal name | Solis, Gary D. |
| 9 (RLIN) | 28814 |
| 245 14 - TITLE STATEMENT | |
| Title | The Law of Armed Conflict : |
| Remainder of title | International Humanitarian Law in War / |
| Statement of responsibility, etc | Gary D. Solis. |
| 260 ## - PUBLICATION, DISTRIBUTION, ETC. (IMPRINT) | |
| Place of publication, distribution, etc | Cambridge, [Eng] ; New York : |
| Name of publisher, distributor, etc | Cambridge University Press, |
| Date of publication, distribution, etc | 2010. |
| 300 ## - PHYSICAL DESCRIPTION | |
| Extent | xxxi, 659 p. ; |
| Dimensions | 26 cm. |
| 504 ## - BIBLIOGRAPHY, ETC. NOTE | |
| Bibliography, etc | Includes bibliographical references (p. 623-652) and index. |
| 505 0# - FORMATTED CONTENTS NOTE | |
| Formatted contents note | Law of armed conflict : international humanitarian law in war -- Law of armed conflict and international humanitarian law : a framework -- Law of armed conflict and international humanitarian law : battlefield issues. |
| 650 #0 - SUBJECT ADDED ENTRY--TOPICAL TERM | |
| Topical term or geographic name as entry element | War (International law) |
| 9 (RLIN) | 28815 |
| 650 #0 - SUBJECT ADDED ENTRY--TOPICAL TERM | |
| Topical term or geographic name as entry element | Humanitarian law. |
| 9 (RLIN) | 28816 |
| 653 ## - INDEX TERM--UNCONTROLLED | |
| Resource For college | |
| Arrived date list | February2012 |
| 942 ## - ADDED ENTRY ELEMENTS (KOHA) | |
| Source of classification or shelving scheme | Dewey Decimal Classification |
| Item type | Book - Borrowing |
| Withdrawn status | Item status | Source of classification or shelving scheme | Damaged status | Not for loan | Vendor | Home library | Current library | Shelving location | Date acquired | Source of acquisition | Cost, normal purchase price | Serial Enumeration / chronology | Total Checkouts | Total Renewals | Full call number | Barcode | Date last seen | Date last borrowed | Koha item type |
|---|---|---|---|---|---|---|---|---|---|---|---|---|---|---|---|---|---|---|---|
| Dewey Decimal Classification | MERIC | Central Library | Central Library | First floor | 12/02/2012 | 519.00 | 13168 | 9 | 29 | 341.6 SOL | 000026085 | 28/03/2026 | 24/03/2026 | Book - Borrowing |